Ceilling on agricultural holdings By P S Appu (Record no. 506669)

MARC details
000 -LEADER
fixed length control field 00763nam a2200253Ia 4500
003 - CONTROL NUMBER IDENTIFIER
control field OSt
005 - DATE AND TIME OF LATEST TRANSACTION
control field 20220925184037.0
008 - FIXED-LENGTH DATA ELEMENTS--GENERAL INFORMATION
fixed length control field 220923b |||||||| |||| 00| 0 eng d
037 ## - SOURCE OF ACQUISITION
Terms of availability General Book
040 ## - CATALOGING SOURCE
Original cataloging agency RTL
Transcribing agency RTL
Language of cataloging eng
041 ## - LANGUAGE CODE
Source of code eng
Language code of text/sound track or separate title eng
110 ## - MAIN ENTRY--CORPORATE NAME
Corporate name or jurisdiction name as entry element Govt of India. Agriculture (M/O-)
9 (RLIN) 258398
245 #0 - TITLE STATEMENT
Title Ceilling on agricultural holdings By P S Appu
260 ## - PUBLICATION, DISTRIBUTION, ETC.
Place of publication, distribution, etc. Delhi
Name of publisher, distributor, etc. Manager of Publicatin India
Date of publication, distribution, etc. 1973
300 ## - PHYSICAL DESCRIPTION
Extent 102p.
Dimensions cm.
500 ## - GENERAL NOTE
General note PPC.199
650 ## - SUBJECT ADDED ENTRY--TOPICAL TERM
Topical term or geographic name entry element Land Reforms Industry
700 ## - ADDED ENTRY--PERSONAL NAME
Personal name Govt of India. Agriculture (M/O-)
9 (RLIN) 258399
942 ## - ADDED ENTRY ELEMENTS (KOHA)
Classification part X9(J):(Z2,211,3).N7I, L3
Koha item type General Books
Source of classification or shelving scheme Colon Classification (CC)
Holdings
Withdrawn status Lost status Damaged status Not for loan Home library Current library Date acquired Total Checkouts Full call number Barcode Date last seen Price effective from Koha item type
        Ratan Tata Library Ratan Tata Library 2022-09-25   X9(J):(Z2,211,3).N7I L3 RTB 001231 2022-09-25 2022-09-25 General Books
Copyright @ Delhi University Library System